| 000 | 00499nam a2200181Ia 4500 | ||
|---|---|---|---|
| 001 | 13832 | ||
| 005 | 20260306164830.0 | ||
| 008 | 260306t2013||||xx |||||||||||||| ||spa|| | ||
| 041 | _aESP | ||
| 082 |
_a005.369 _bM96 |
||
| 100 |
_aMuñiz, Luis _eAUT |
||
| 245 | 0 |
_aTablas dinámicas con Excel aplicadas a la gestión empresarial: _bpara utilizar con Excel 2007, 2010 y 2013 |
|
| 260 | _c2013 | ||
| 300 |
_a287 páginas : _c23 cm. |
||
| 650 | _aGEN | ||
| 654 | _aCCC | ||
| 942 |
_cLIB _dJUS _fJUS _2ddc _n |
||
| 999 |
_c13832 _d13832 |
||